Novo Dicionário Francês / Português (Registo nº 104)
[ vista simples ]
| 000 -Etiqueta do registo | |
|---|---|
| Cabeçalho | 00679nam0a22002771 4500 |
| 005 - Identificador da versão | |
| Campo de controlo | 20240813121754.0 |
| 021 ## - Número do Depósito Legal | |
| Código do país | PT |
| 035 ## - Other System Control Numbers | |
| System Control Number | 0000112 |
| System Control Number | 0000112 |
| System Control Number | 0000112 |
| System Control Number | 0000108 |
| 100 ## - Dados gerais de processamento | |
| Dados gerais de processamento | 20041109d a e0pory5003 ba |
| 102 ## - Pais de publicação ou produção | |
| País de publicação | Portugal |
| 101 1# - Língua de publicação | |
| Língua do texto, banda sonora, etc. | Português |
| Língua do documento no original | Inglês |
| 106 ## - Campo de dados codificados: material textual | |
| Dados codificados do material textual | r |
| 105 ## - Campo de dados codificados: livros | |
| Dados codificados dos livros | y z 001yy |
| 215 ## - Descrição física | |
| Indicação específica da natureza do documento e extensão da espécie | p. 1135 |
| Dimensões | 19 cm. |
| 200 1# - Titulo e menção de responsabilidade | |
| Título próprio | Novo Dicionário Francês / Português |
| Primeira menção de responsabilidade | José da Fonseca |
| Indicação de volume | 1 e 2 |
| 210 ## - Publicação, Distribuição, etc. | |
| Lugar da edição, distribuição, etc. | Amadora |
| Nome do editor, distribuidor, etc. | Sistema J |
| 675 ## - Classificação Decimal Universal (CDU) | |
| Notação | 821.131.1"18/19" |
| Edição | BN |
| Língua da edição | por |
| 700 #1 - Nome de autor-pessoa física (responsabilidade principal) | |
| Número de registo de entrada de autoridade | 0000191 |
| Palavra de ordem | Fonseca |
| Outra parte do nome não tomada para palavra de ordem | José |
| Datas | 1788-1866 |
| 942 ## - Elementos de entrada adicionados (Koha) | |
| Tipo de item no Koha | Livro |
| Situação do levantamento | Origin of item (home branch) (coded) | Biblioteca de empréstimo | Código de barras | Cota | Circulation type (not for loan) | Tipo de documento | Nota do exemplar | Damaged status |
|---|---|---|---|---|---|---|---|---|
| Biblioteca Escolar Eng. Nuno Mergulhão | Biblioteca Escolar Eng. Nuno Mergulhão | BENM233 | 821 DIC | Cativo | Sem mensagem | |||
| Biblioteca Escolar Eng. Nuno Mergulhão | Biblioteca Escolar Eng. Nuno Mergulhão | BENM234 | 821 DIC | Cativo | Sem mensagem |
